1874 1644 1401 1519 1978 1118 1474 1863 1601 1627 1992 1469 1429 1962 1930 1825 1376 1733 1769 1601 1320 1054 1173 1444 1783 1585 1564 1296 1876 1517 1046 1607 1811 1201 1591 1326 1521 1705 1298 1467 1220 1856 1105 1778 1409 1786 1637 1878 1732 1027 1881 1233 1736 1095 1087 1114 1614 1092 1122 1701 1166 1987 1879 1250 1944 1934 1633 1226 1105 1401 1883 1501 1486 1216 1465 1140 1403 1433 1992 1892 1962 1759 1992 1963 1306 1289 1879 1686 1384 1975 1819 1479 1240 1503 1596 1166 1219 1152 1911 BCNSPRNW ULIB Ver.6.0+V

เปลี่ยนเป็นภาษาไทย

Change to English
 แสดงรายละเอียดบรรณานุกรม
  กลับหน้าหลัก

Brief Record : Get Marc (ISO 2709) : E-mail record : QR code < ปิดหน้าต่าง
LEADER : 00000nam 2200000uu 4500
001    13399123121
003     ULIB
008    140228s||||||||th 000 0 tha d
020    ^a9748989887
050 04 ^aQA135^bม114ค 2548
100 0  ^aมงคล ทองสงคราม
245 10 ^aคณิตศาสตร์พื้นฐาน = Introductory mathematics /^cมงคล ทองสงคราม
246 31 ^aIntroductory mathematics
250    ^aพิมพ์ครั้งที่ 4
260    ^aกรุงเทพฯ :^bรามาการพิมพ์,^c2548
300    ^a[355] หน้า :^bภาพประกอบ
504    ^aบรรณานุกรม: [355]
650  7 ^aคณิตศาสตร์
945    ^p225^l0^i14168
945    ^p225^l0^i14167
995    ^aกัณชพร
999 ^a กัณชพร
รายการนี้ยังไม่มีแท็ก
คุณยังไม่ได้ล็อกอิน คุณสามารถมีกิจกรรมร่วมกับเว็บไซต์ได้ แต่ต้องล็อกอินก่อน ::
  ล็อกอิน

รายการสื่อสารสนเทศ

ลำดับที่ ประเภท เลขเรียก/บาร์โค้ด สถานที่ สถานะ
1. วิทยาศาสตร์การแพทย์ และสุขภาพ
วิทยาศาสตร์การแพทย์ และสุขภาพ
QA135 ม114ค 2548  
  Barcode: 14168
ห้องสมุดวิทยาเขตนครสวรรค์
►หนังสือทั่วไป:l:General Books
บนชั้น
2. วิทยาศาสตร์การแพทย์ และสุขภาพ
วิทยาศาสตร์การแพทย์ และสุขภาพ
QA135 ม114ค 2548 ฉ.2 
  Barcode: 14167
ห้องสมุดวิทยาเขตนครสวรรค์
►หนังสือทั่วไป:l:General Books
บนชั้น

รายการใกล้เคียง
    ผู้แต่ง [มงคล ทองสงคราม]

    หัวเรื่อง [คณิตศาสตร์]

BibComment


ยังไม่เคยถูกคอมเมนท์

คอมเมนท์ทรัพยากรรายการนี้
  คอมเมนท์: คณิตศาสตร์พื้นฐา..


 Copyright 2026. Bcnsprnw @Library